000 00554nam a2200205Ia 4500
008 241004s9999 xx 000 0 und d
020 _a9789387306165
037 _aTextbook
040 _aARTS
_beng
_cARTS
041 _aeng
_2eng
084 _aQ23 R0
_qARTS
100 _aYadav D. N. Au.
_9724718
245 _aOrigin of Siva cult
_cYadav D. N. Au.
260 _aIndia
_bVaranasi Prachya Vidya Bhawan
_c2022
300 _axi,272p.
365 _aINR
_b1300
650 _aReligion
942 _cTB
_hQ23 R0
999 _c1218871
_d1218871